No velas a tus muertos /

Guardado en:
Autor Principal: Caparrós, Martín
Formato: Libro
Publicado: Buenos Aires : De la Flor, 2000
Edición:2a. ed.
Series:Narrativa
Materias:
Etiquetas: Agregar Etiqueta
Sin Etiquetas, Sea el primero en etiquetar este registro!
LEADER 00638nam a22002295a 4500
001 CEM.cems012248
005 20060905174935.0
008 130507s2000##################000#0#####d
003 CEMS
020 |a 9505150237 
082 0 4 |a A863.4 
100 1 |a Caparrós, Martín 
245 1 0 |a No velas a tus muertos /  |c Martín Caparrós 
250 |a 2a. ed. 
260 |a Buenos Aires :  |b De la Flor,  |c 2000 
300 |a 274 p. 
490 0 |a Narrativa 
653 |a Literatura 
653 |a Literatura argentina-siglo 20 
653 |a Novelas 
653 |a Novela argentina-siglo 20 
859 |a CEMS  |b BIB. CEMS - 11 de abril  |h A863.4  |i C17a2-1  |p 23478.06  |t Ej.1